Úloha národních výborů při rozvoji služeb obyvatelstvu
Guardado en:
| Autor principal: | |
|---|---|
| Formato: | Libro |
| Lenguaje: | checo |
| Publicado: |
Praha
Svoboda
1986
|
| Edición: | 1. vyd. |
| Etiquetas: |
Sin Etiquetas, Sea el primero en etiquetar este registro!
|
MARC
| LEADER | 00000nam a2200000 4500 | ||
|---|---|---|---|
| 001 | c024487 | ||
| 005 | 20230105083730.2 | ||
| 041 | 0 | |a cze | |
| 044 | |a CZ | ||
| 245 | 1 | 0 | |a Úloha národních výborů při rozvoji služeb obyvatelstvu |c Leopold Maurer |
| 250 | |a 1. vyd. | ||
| 264 | 1 | |a Praha |b Svoboda |c 1986 | |
| 300 | |a 311 s. | ||
| 100 | 1 | |a Maurer, Leopold | |